000 00526cam a2200181 4500500
005 20260329004336.0
041 _afre
042 _adc
100 1 0 _aMachtalere, Cyprien
_eauthor
245 0 0 _aИстина (Istina)
260 _c2019.
500 _a44
690 _aBerdiaev
690 _aRusse
690 _aVérité
786 0 _nPhilosophie magazine | 131 | 7 | 2019-07-01 | p. 34-34 | 1951-1787
856 4 1 _uhttps://shs.cairn.info/magazine-philosophie-magazine-2019-7-page-34?lang=fr&redirect-ssocas=7080
999 _c1832982
_d1832982